000 01507nam a2200385L 4500
001 colorprofilesofw00apos
003 CaSfIA
005 20210117224818.0
007 cr||||
008 091109s1974 nyu 000 u eng d
040 _aDKDLA
_bdan
_cDKDLA
_dCaSfIA
035 _a(OCoLC)464315475
084 _a623.77:940.3
_2z
245 0 0 _aColor profiles of World War I :
_h[electronic resource]
_bcombat planes.
260 _aNew York :
_bCresent Books,
_c1974.
300 _a208 p. :
_bill.
500 _aIndex.
520 8 _aViser bemalingen af militære fly under 1. verdenskrig.
650 4 _aFlytyper.
650 4 _a1. verdenskrig.
650 4 _aBemaling.
650 4 _aNationalitetsmærker.
650 4 _aEnhedsmærker.
650 4 _aEskadrillemærker.
653 _aLuftforsvarsteknik.
700 1 _aApostolo, Giorgio.
700 1 _aBignozzi, Giorgio.
700 1 _aMcAdoo, Dale.
029 0 _aDKDLA
_b19905063
856 4 1 _uhttp://www.archive.org/details/colorprofilesofw00apos
_zFree eBook from the Internet Archive
856 4 2 _uhttp://www.openlibrary.org/books/OL24203738M
_zAdditional information and access via Open Library
942 _cEB
506 _fНеобхідна авторизація на https://archive.org/ (створення облікового запису безкоштовно)
506 _fНеобхідна авторизація на https://openlibrary.org/ (створення облікового запису безкоштовно)
999 _c482375
_d482375